000 00378cam a22001217a 4500
008 180718b1969 xxu||||| |||| 00| 0 eng d
082 _aA81x54 In2/61/Vol 11/Pt 1-C
100 _aCensus of India 1961
245 _aMysore: subsidiary tables
260 _aDelhi
_bThe Manager of Publications
_c1969
300 _a606+p.
440 _aCensus of India 1961. Volume XI, Mysore. Part I-C
999 _c484050
_d484050